000 01768nam a2200517 i 4500
001 45273
003 KOSZ 005
005 20211210124223.0
008 980713s1997 pl f |001 0 pol
015 _aPB 1997/2957
020 _a8320421365
035 _a991004733609705066
035 _a(PL-WaBN)b11248312-48omnis_nlop
035 _ab11248312
035 _a(OCoLC)749345274
035 _a(PL)b0000001124831
035 _a(EXLNZ-48OMNIS_NETWORK)9910139451005606
040 _aWA N
_cWA N
_dKOSZ 005/HR
041 1 _apol
_heng
046 _k1994
080 _a004.438
080 _a(07)
100 1 _aStroustrup, Bjarne
_eAutor
245 1 0 _aProjektowanie i rozwój języka C++ /
_cBjarne Stroustrup ; z ang. przeł. Jowita Koncewicz-Krzemień.
246 1 _iTyt. oryg.:
_aDesign and evolution of C++
260 _aWarszawa :
_bWydawnictwa Naukowo-Techniczne,
_c1997.
300 _a511, [1] s. ;
_c24 cm.
336 _2rdacontent
_aTekst
_btxt
337 _2rdamedia
_aBez urządzenia pośredniczącego
_bn
338 _2rdacarrier
_aWolumin
_bnc
380 _aKsiążki
380 _aPublikacje fachowe
380 _aPublikcje dydaktyczne
388 _a1901-2000
388 _a1989-2000
500 _aTyt. oryg.: The design and evolution of C++, 1994.
504 _aBibliogr. s. 495-500. - Indeks.
658 _aInformatyka i technologie informacyjne
655 7 _aPodręcznik
_2DBN
650 7 _aC (język programowania)
_2DBN
710 2 _aWydawnictwa Naukowo-Techniczne
_4pbl
700 1 _aKoncewicz-Krzemień, Jowita
_eTłumaczenie
856 _uhttp://koha.tu.koszalin.pl/cgi-bin/koha/opac-detail.pl?biblionumber=45273
_yKatalog online BPK
942 _2UKD
_cKS
999 _c45273
_d45273